| 000 | 00352nam a2200145Ia 4500 | ||
|---|---|---|---|
| 008 | 230312s9999||||xx |||||||||||||| ||und|| | ||
| 020 | _a0-475-58241-6 | ||
| 082 |
_a515.8 _bGRU-B |
||
| 100 | _aGruyter;DE | ||
| 245 | 0 | _aBounded Variation and around | |
| 260 |
_bdmuw _aGermany _c2014 |
||
| 300 | _a476 | ||
| 650 |
_aEngineering _vAvionics |
||
| 942 | _cBK | ||
| 999 |
_c12430 _d12430 |
||